HINDI VYAKARAN AUR RACHANA (Record no. 4502)
[ view plain ]
| 000 -LEADER | |
|---|---|
| fixed length control field | 00264nam a22001217a 4500 |
| 082 ## - DEWEY DECIMAL CLASSIFICATION NUMBER | |
| Classification number | 494 |
| Item number | RAD/H |
| 100 ## - MAIN ENTRY--AUTHOR NAME | |
| Personal name | RADHAKRISHNAN, P. |
| 245 ## - TITLE STATEMENT | |
| Title | HINDI VYAKARAN AUR RACHANA |
| 260 ## - PUBLICATION, DISTRIBUTION, ETC. (IMPRINT) | |
| Place of publication | THRISSUR |
| Name of publisher | H&C BOOKS |
| 300 ## - PHYSICAL DESCRIPTION | |
| Number of Pages | 336 |
| 650 ## - SUBJECT ADDED ENTRY--TOPICAL TERM | |
| Topical Term | GRAMMAR |
| Geographic subdivision | KERALA |
| 942 ## - ADDED ENTRY ELEMENTS (KOHA) | |
| Koha item type | Books |
| Withdrawn status | Lost status | Collection code | Home library | Current library | Shelving location | Date acquired | Source of acquisition | Cost, normal purchase price | Full call number | Accession Number | Koha item type |
|---|---|---|---|---|---|---|---|---|---|---|---|
| Reference | Main Library | Main Library | 21/10/2018 | PURCHASE | 120.00 | 494 RAD/H | 10339 | Books |